000 00211 a2200097 4500
001 1368
100 _aMachinery Pubs
245 _aTool room practice Pt 1 No 13
260 _a
_bMcgrawhill
_c
090 _c918
_d918
942 _aNUST-CAE
_cM
_c36022
999 _c236441
_d236441